Más allá del flujo de caja (Registro nro. 16554)

Detalles MARC
000 -LEADER
fixed length control field 00386 a2200133 4500
001 - CONTROL NUMBER
control field ART_3610
005 - DATE AND TIME OF LATEST TRANSACTION
control field 20260410161716.0
008 - FIXED-LENGTH DATA ELEMENTS--GENERAL INFORMATION
fixed length control field 260409a
100 1# - MAIN ENTRY--PERSONAL NAME
Personal name López, Andrés
245 10 - TITLE STATEMENT
Title Más allá del flujo de caja
700 1# - ADDED ENTRY--PERSONAL NAME
Personal name Chudnovsky, Daniel
700 1# - ADDED ENTRY--PERSONAL NAME
Personal name Porta, Fernando
773 0# - HOST ITEM ENTRY
Title Desarrollo económico
Related parts - Vol. 35, Nº 137 (abr./jun. 1995)
Record control number REV1174

No hay ítems disponibles.